000 01268naa a22003257a 4500
001 BR7000656
003 BR-BrBNA
005 20240918173409.0
007 ta
008 230509b bl.||||| |||| 00| 0 por d
040 _aBR-BrBNA
_bpor
_cBiblioteca Nacional de Agricultura
041 _a(Pt)
072 _aL73; L00
_b5214
_b4110
_b3910
090 _aL73 BR7000656
100 1 _aMuller, E.E.
100 1 _aWiest, J.M.
111 1 _a12. Congresso Brasileiro de Medicina Veterinaria
_cPorto Alegre, RS (Brazil)
_d23 Aug 1970
245 1 _aColienterotoximias em terneiros de estabelecimentos leiteiro modelo interrelacionados com manejo inadequado [bezerro leiteiro, diarreia, bacteria patogenica, antibiotico]
260 3 _aPorto Alegre, RS (Brasil):
_c1970.
500 _aAnais do 12. Congresso Brasileiro de Medicina Veterinaria Porto Alegre, RS (Brasil): 1970. p. 141-145 (BR7000656-AM)L73
650 _aBEZERRO LEITEIRO
650 _aENTEROTOXEMIA
650 _aANTIBIOTICO
650 _aDIARREIA
650 _aCONTROLE QUIMICO
650 _aMANEJO
773 0 _tAnais do 12. Congresso Brasileiro de Medicina Veterinaria
_wL73 BR7000656
_gPorto Alegre, RS (Brasil), 1970. p. 141-145
909 _a202404
_bLucia
_c55
_dLucia Elande
942 _cAM
_2AGRIS
999 _c304382
_d304382